Tények és lehetőségek
Elmentve itt :
| Szerző: | |
|---|---|
| Dokumentumtípus: | Cikk |
| Megjelent: |
1983-01-18
|
| Sorozat: | Délmagyarország
73 No. 14 |
| Kulcsszavak: | lakásügy |
| Online Access: | http://dmarchiv.bibl.u-szeged.hu/116559 |
| LEADER | 00443nab a2200157 i 4500 | ||
|---|---|---|---|
| 001 | delm116559 | ||
| 005 | 20190628130548.0 | ||
| 008 | 190628s1983 hu o 0|| hun d | ||
| 040 | |a SZTE Délmagyarország Archívum |b hun | ||
| 041 | |a hun | ||
| 100 | 1 | |a Gazdagh István | |
| 245 | 1 | 0 | |a Tények és lehetőségek |h [elektronikus dokumentum] / |c Gazdagh István |
| 260 | |c 1983-01-18 | ||
| 300 | |a 3 | ||
| 490 | 0 | |a Délmagyarország |v 73 No. 14 | |
| 695 | |a lakásügy | ||